[Event "29. Erfurter Schachfestival 2019 - Meis"]
[Site "Erfurt"]
[Date "2019.12.28"]
[Round "4.10"]
[White "Cordes, Klaus"]
[Black "Langheinrich, Ferenc"]
[Result "0-1"]
[WhiteElo "2118"]
[BlackElo "2378"]
[PlyCount "120"]
[EventDate "2019.12.26"]

1. d4 Nf6 2. Nf3 b5 3. c3 e6 4. Qb3 a6 5. a4 Bb7 6. axb5 Bd5 7. Qd1 axb5 8.
Rxa8 Bxa8 9. Qb3 Bxf3 10. exf3 c6 11. Qa2 d5 12. Nd2 Bd6 13. Nb3 O-O 14. Be3
Nbd7 15. Bd3 Qc7 16. g3 Nb6 17. O-O Ra8 18. Qb1 g6 19. Kg2 Nc4 20. Bc1 Nd7 21.
h4 Nf6 22. f4 Bf8 23. Qc2 Qa7 24. Nd2 Nxd2 25. Bxd2 Kg7 26. b4 Qa2 27. Rc1 Qxc2
28. Rxc2 Ra3 29. Bc1 Rb3 30. Be2 Ne4 31. Bb2 Nd6 32. f3 Nc4 33. Bxc4 dxc4 34.
Kf2 Bd6 35. Ke2 h6 36. Kd1 g5 37. hxg5 hxg5 38. Rf2 gxf4 39. g4 e5 40. dxe5
Bxe5 41. Kc2 Kf6 42. Rh2 Ke6 43. Rh6+ Kd5 44. Rh7 f6 45. Rd7+ Ke6 46. Rb7 Kd6
47. Rg7 c5 48. bxc5+ Kxc5 49. g5 fxg5 50. Rxg5 Kd5 51. Rg8 b4 52. Rd8+ Ke6 53.
Re8+ Kd6 54. Rd8+ Kc7 55. Rd5 Bxc3 56. Bc1 Kc6 57. Rf5 Bd4 58. Rxf4 Rd3 59. Rf8
b3+ 60. Kb1 c3 0-1

[Event "29. Erfurter Schachfestival 2019 - Meis"]
[Site "Erfurt"]
[Date "2019.12.28"]
[Round "4.11"]
[White "Meißner, Felix"]
[Black "Wiley, Tom E"]
[Result "1-0"]
[WhiteElo "2377"]
[BlackElo "2159"]
[PlyCount "51"]
[EventDate "2019.12.26"]

1. e4 e6 2. d4 d5 3. Nd2 Be7 4. exd5 exd5 5. Bd3 Nf6 6. Ngf3 Bg4 7. O-O O-O 8.
Re1 Nbd7 9. Nf1 Bh5 10. Ng3 Bg6 11. Nf5 Bxf5 12. Bxf5 Re8 13. Bg5 h6 14. Bh4 c6
15. c3 Ne4 16. Bxe4 Bxh4 17. Bf5 Rxe1+ 18. Qxe1 Bf6 19. Qe2 Nb6 20. Re1 Nc4 21.
Bd3 Nd6 22. Ne5 g6 23. Qg4 h5 24. Qh3 Qf8 25. Nd7 Qd8 26. Bxg6 1-0

[Event "29. Erfurter Schachfestival 2019 - Meis"]
[Site "Erfurt"]
[Date "2019.12.28"]
[Round "4.12"]
[White "Schupp, Uwe"]
[Black "Nothnagel, Marian Can"]
[Result "0-1"]
[WhiteElo "2098"]
[BlackElo "2369"]
[PlyCount "78"]
[EventDate "2019.12.26"]

1. Nf3 Nf6 2. g3 g6 3. Bg2 Bg7 4. c4 O-O 5. O-O d6 6. Nc3 Nc6 7. d3 e5 8. Rb1
a5 9. a3 h6 10. b4 axb4 11. axb4 Be6 12. b5 Ne7 13. Bb2 Qd7 14. Re1 Bh3 15. Bh1
Ng4 16. Qb3 Kh7 17. Ra1 Rab8 18. Ra7 f5 19. Nd2 f4 20. Nce4 fxg3 21. hxg3 Qf5
22. Bf3 Qh5 23. b6 Bg2 24. Kxg2 Qh2+ 25. Kf1 Qh3+ 26. Kg1 Qh2+ 27. Kf1 Nxf2 28.
Nxf2 Nf5 29. Rea1 Nxg3+ 30. Ke1 Qg1+ 31. Nf1 Qxf1+ 32. Kd2 Qxf2 33. bxc7 Rxf3
34. Re1 Rc8 35. Qxb7 Rff8 36. Ra6 Nf5 37. Rea1 h5 38. Ra8 Qe3+ 39. Kd1 Ng3 0-1

[Event "29. Erfurter Schachfestival 2019 - Meis"]
[Site "Erfurt"]
[Date "2019.12.28"]
[Round "4.13"]
[White "Köhler, Lukas"]
[Black "Wichmann, Cliff"]
[Result "1-0"]
[WhiteElo "2071"]
[BlackElo "2298"]
[PlyCount "89"]
[EventDate "2019.12.26"]

1. e4 e6 2. d4 d5 3. exd5 exd5 4. Qf3 c5 5. Bb5+ Nc6 6. Ne2 a6 7. Bxc6+ bxc6 8.
O-O Nf6 9. Bg5 Be7 10. h3 O-O 11. dxc5 Ne4 12. Bxe7 Qxe7 13. Re1 Qxc5 14. Nbc3
Ng5 15. Qg3 h6 16. Rad1 Bf5 17. Nd4 Ne4 18. Qe5 Nxf2 19. Kxf2 Bxc2 20. Rc1 Bg6
21. Kg3 Rae8 22. Qf4 Qc4 23. Nf3 Qxf4+ 24. Kxf4 f6 25. Rxe8 Rxe8 26. Re1 Rb8
27. b3 Rb4+ 28. Ke3 Kf7 29. Na4 Ke7 30. Nd4 Kd6 31. Rc1 Be8 32. Nc5 g6 33. Nxa6
Rb7 34. Nc5 Re7+ 35. Kd2 f5 36. a4 Ra7 37. b4 Ra8 38. a5 f4 39. Re1 Bf7 40.
Nb7+ Kd7 41. Nc5+ Kd6 42. a6 Ra7 43. Nb7+ Kd7 44. Re7+ Kc8 45. Nd6+ 1-0

[Event "29. Erfurter Schachfestival 2019 - Meis"]
[Site "Erfurt"]
[Date "2019.12.28"]
[Round "4.14"]
[White "Sauer, Marko"]
[Black "Weishäutel, Moritz"]
[Result "0-1"]
[WhiteElo "2053"]
[BlackElo "2231"]
[Annotator "Ruether,Rudolf"]
[PlyCount "160"]
[EventDate "2019.12.26"]

1. c4 c5 2. Nc3 Nc6 3. g3 g6 4. Bg2 Bg7 5. Nf3 e6 6. d3 Nge7 7. O-O O-O 8. Ne4
d6 9. Bf4 e5 10. Bd2 f5 11. Nc3 h6 12. Ne1 Be6 13. Nd5 Bf7 14. e4 Nxd5 15. cxd5
Ne7 16. Nc2 Kh7 17. Rb1 Be8 18. Na3 f4 19. b4 b6 20. bxc5 bxc5 21. Rb7 g5 22.
Qg4 Ng6 23. Rfb1 a6 24. R1b6 Ra7 25. Rb8 Qc7 26. Qc8 {(=)} Qf7 27. Qf5 Bf6 28.
Qe6 Be7 29. Qxf7+ Bxf7 30. Rxf8 Nxf8 31. Nc4 Nd7 32. Rb3 Bh5 33. f3 Kg7 34. Kf2
Be8 35. Bh3 Nf6 36. Rb6 Bd7 37. Bf1 Ne8 38. Be2 Bb5 39. Na5 Bd8 40. Rb7+ Rxb7
41. Nxb7 {(=)} Bb6 42. Ke1 Kf7 43. Ba5 Bxa5+ 44. Nxa5 Ke7 45. g4 Kd7 46. Kd2
Kc7 47. Kc3 Nf6 48. Bd1 Kb6 49. Nc4+ Kc7 50. a4 Bxc4 51. dxc4 Kb6 52. Kb3 Ka5
53. Ka3 Nd7 54. h3 Nf8 55. Kb3 Ng6 56. Be2 Nh4 57. Bd1 Ng2 58. Kc3 Ne3 59. Bb3
Nf1 60. Bc2 Ng3 61. Kb3 Ne2 62. Bd1 Ng1 63. Kc3 Nxh3 64. Kb3 Nf2 65. Be2 Nh1
66. Bf1 Ng3 67. Bd3 h5 68. gxh5 Nxh5 69. Bf1 Ng3 70. Bh3 Ne2 71. Bg4 Nd4+ 72.
Ka3 Nc2+ 73. Kb3 Ne3 74. Bc8 g4 75. fxg4 f3 76. g5 f2 77. Bh3 f1=Q 78. Bxf1
Nxf1 79. Kc3 Ng3 80. Kd3 Nh5 0-1

[Event "29. Erfurter Schachfestival 2019 - Meis"]
[Site "Erfurt"]
[Date "2019.12.28"]
[Round "4.15"]
[White "Everett, Elijah"]
[Black "Schulte, Felix"]
[Result "1/2-1/2"]
[WhiteElo "2230"]
[BlackElo "2126"]
[Annotator "Ruether,Rudolf"]
[PlyCount "132"]
[EventDate "2019.12.26"]

1. e4 c5 2. Nf3 e6 3. d4 cxd4 4. Nxd4 a6 5. Nc3 b5 6. g3 Bb7 7. Bg2 Nf6 8. O-O
b4 9. Na4 Bxe4 10. Bxe4 Nxe4 11. Re1 d5 12. c4 bxc3 13. Nxc3 Be7 14. Nxe4 dxe4
15. Rxe4 Qd5 16. Re1 Bf6 17. Qa4+ Qd7 18. Qxd7+ Nxd7 19. Be3 O-O 20. Rad1 Ne5
21. b3 Rfd8 22. Kg2 Ng4 23. Nc2 Rac8 24. Rxd8+ Rxd8 25. Bc1 Rc8 26. Ne3 Nxe3+
27. Bxe3 Rc2 28. Rc1 Rxc1 29. Bxc1 Kf8 30. Kf3 Ke7 31. Ke4 Kd7 32. Kd3 Kc6 33.
Kc4 g6 34. b4 Be5 35. Be3 Bd6 36. a4 Be7 37. b5+ axb5+ 38. axb5+ Kb7 39. Kd3
Bd6 40. Ke4 Bc7 41. f3 Bd6 42. Bf2 Kc8 43. h3 Kb7 44. g4 f5+ 45. gxf5 gxf5+ 46.
Kd4 Kb6 47. Kc4+ Kb7 48. Bd4 Be7 49. Be5 Kb6 50. Bf4 Kb7 51. Kd4 Bf6+ 52. Kc5
Be7+ 53. Bd6 Bg5 54. Bf8 Bc1 55. Bg7 Ba3+ 56. Kc4 Bd6 57. Bf6 Ba3 58. Bd8 Bb2
59. Kd3 Kc8 60. Bb6 Kb7 61. Bc5 Bc1 62. Ke2 Bf4 63. Kf2 Bc7 64. Kg2 Bb6 65. Be7
Bc7 66. Bc5 Bb6 {(=)} 1/2-1/2

[Event "29. Erfurter Schachfestival 2019 - Meis"]
[Site "Erfurt"]
[Date "2019.12.28"]
[Round "4.16"]
[White "King, Alexander"]
[Black "Schmitzer, Klaus"]
[Result "1/2-1/2"]
[WhiteElo "2052"]
[BlackElo "2217"]
[Annotator "Ruether,Rudolf"]
[PlyCount "37"]
[EventDate "2019.12.26"]

1. Nf3 e6 2. c4 f5 3. g3 b6 4. Bg2 Bb7 5. O-O Nf6 6. d4 Be7 7. d5 Na6 8. Nc3
O-O 9. Nd4 Nc5 10. dxe6 Bxg2 11. Kxg2 dxe6 12. b4 Nce4 13. Nxe4 Nxe4 14. Nxe6
Qxd1 15. Rxd1 Rf7 16. Bf4 Bxb4 17. Nxc7 Rc8 18. Nd5 Bf8 19. Rac1 {(=)} 1/2-1/2

[Event "29. Erfurter Schachfestival 2019 - Meis"]
[Site "Erfurt"]
[Date "2019.12.28"]
[Round "4.17"]
[White "Falk, Kristoffer"]
[Black "Pubantz, Jan"]
[Result "0-1"]
[WhiteElo "2042"]
[BlackElo "2207"]
[PlyCount "80"]
[EventDate "2019.12.26"]

1. d4 Nf6 2. Nf3 d5 3. c4 e6 4. g3 Be7 5. Bg2 O-O 6. O-O c6 7. Qc2 b6 8. b3
Nbd7 9. Rd1 Ba6 10. Nbd2 Rc8 11. e4 c5 12. e5 Ne8 13. cxd5 cxd4 14. Qe4 Bb7 15.
Qxd4 Bxd5 16. Nc4 Nc7 17. Ne3 Bc6 18. Bb2 Nd5 19. Nxd5 Bxd5 20. Rac1 Rxc1 21.
Rxc1 Nc5 22. Qe3 Qa8 23. Rd1 Rd8 24. h4 h6 25. Qe2 Rd7 26. Ne1 Qd8 27. b4 Bxg2
28. Rxd7 Nxd7 29. Nxg2 Bxb4 30. Qe4 a5 31. Nf4 Nc5 32. Qc6 Nd3 33. Nxd3 Qxd3
34. a3 Qb1+ 35. Qc1 Qxc1+ 36. Bxc1 Bc3 37. Bf4 b5 38. Kf1 Bb2 39. Bd2 b4 40.
axb4 a4 0-1

[Event "29. Erfurter Schachfestival 2019 - Meis"]
[Site "Erfurt"]
[Date "2019.12.28"]
[Round "4.19"]
[White "Lochte, Thomas"]
[Black "Zhukov, Anton"]
[Result "1-0"]
[WhiteElo "2014"]
[BlackElo "2190"]
[Annotator "Ruether,Rudolf"]
[PlyCount "77"]
[EventDate "2019.12.26"]

1. e4 c5 2. d4 cxd4 3. c3 dxc3 4. Nxc3 Nc6 5. Nf3 e6 6. Bc4 a6 7. O-O Nge7 8.
Bg5 h6 9. Be3 Ng6 10. Nd4 Be7 11. f4 Nxd4 12. Qxd4 d6 13. Rad1 O-O 14. f5 Ne5
15. Be2 b5 16. Bf4 {(=)} Nc6 17. Qd2 b4 18. Na4 e5 19. Be3 Rb8 20. Rf3 Bg5 21.
Bxg5 hxg5 22. Rg3 Nd4 23. Bc4 Bd7 24. Rxg5 Rc8 25. Rf1 Qf6 26. Nb6 Rxc4 27.
Nxd7 Qh6 28. f6 g6 29. Nxf8 Rc2 30. Rxg6+ Qxg6 31. Qxc2 Qh6 32. Qc8 Ne2+ 33.
Kf2 Qf4+ 34. Kxe2 Qxe4+ 35. Kf2 Qd4+ 36. Kg3 Qe3+ 37. Rf3 Qh6 38. Qg4+ Kxf8 39.
Qc8# 1-0

[Event "29. Erfurter Schachfestival 2019 - Meis"]
[Site "Erfurt"]
[Date "2019.12.28"]
[Round "4.20"]
[White "Fahland, Maximilian"]
[Black "Urban, Lars"]
[Result "0-1"]
[WhiteElo "1929"]
[BlackElo "2178"]
[Annotator "Ruether,Rudolf"]
[PlyCount "148"]
[EventDate "2019.12.26"]

1. d4 e6 2. Nf3 Nf6 3. g3 b5 4. Bg2 Bb7 5. O-O c5 6. b3 Na6 7. Bb2 Be7 8. Nbd2
O-O 9. e3 Rb8 10. c4 bxc4 11. Nxc4 d5 12. Nce5 Ne4 13. Nd2 cxd4 14. Bxd4 Bc5
15. Nxe4 dxe4 16. Bxc5 Nxc5 17. Qxd8 Rfxd8 18. Rac1 Rbc8 19. Rfd1 Bd5 20. Bf1
f6 21. Nc4 Kf8 22. Rd2 Ke7 23. Rdc2 Nd3 24. Bxd3 exd3 25. Rd2 Bxc4 26. bxc4 e5
27. e4 Rd4 28. c5 f5 29. exf5 Kf6 30. f3 Kxf5 31. Kf2 Rd5 32. Ke3 Rdxc5 33.
Rxc5 Rxc5 34. Rxd3 Ra5 35. Rd2 Ra3+ 36. Kf2 {(=)} g5 37. Kg2 g4 38. Rf2 Kg5 39.
fxg4 Kxg4 40. h3+ Kg5 41. g4 Kg6 42. h4 h6 43. Kh2 a5 44. Kg2 a4 45. Re2 Kf6
46. g5+ hxg5 47. hxg5+ Kf5 48. Kf2 e4 49. g6 Rf3+ 50. Kg2 Rf4 51. Re3 Rg4+ 52.
Kf2 Rxg6 53. Ra3 Ra6 54. Rh3 Rc6 55. Ra3 Rc4 56. Ke2 Kf4 57. Kd2 Rd4+ 58. Ke2
Rb4 59. Kd2 Rd4+ 60. Ke2 Rc4 61. Kd2 Ke5 62. Rh3 Kd4 63. Ra3 Rb4 64. Kc2 e3 65.
Kd1 Ke4 66. Rc3 Kf3 67. Rc1 Kf2 68. Rc2+ Kf1 69. Rh2 Rd4+ 70. Kc2 e2 71. Rh1+
Kg2 72. Rb1 Kf2 73. Kc3 Rd8 74. Rb2 Kf1 0-1

[Event "29. Erfurter Schachfestival 2019 - Meis"]
[Site "Erfurt"]
[Date "2019.12.28"]
[Round "4.21"]
[White "Franke, Luca"]
[Black "Ruppert, Wolfgang"]
[Result "0-1"]
[WhiteElo "1880"]
[BlackElo "2169"]
[PlyCount "62"]
[EventDate "2019.12.26"]

1. d4 g6 2. c4 Bg7 3. g3 d6 4. Bg2 Nc6 5. Nf3 e5 6. d5 Nce7 7. e4 f5 8. Nc3 Nf6
9. O-O h6 10. Ne1 O-O 11. Nd3 c6 12. h3 fxe4 13. Nxe4 Nxe4 14. Bxe4 cxd5 15.
cxd5 Bxh3 16. Re1 Bf5 17. Qb3 Bxe4 18. Rxe4 Qd7 19. Bd2 Rf7 20. Rae1 g5 21. Kg2
Raf8 22. R1e2 Qf5 23. Ne1 Qg6 24. Qc4 b5 25. Qd3 Nf5 26. Bc3 a6 27. b3 g4 28.
a4 Qh5 29. axb5 axb5 30. Bb2 Qh3+ 31. Kg1 h5 0-1

[Event "29. Erfurter Schachfestival 2019 - Meis"]
[Site "Erfurt"]
[Date "2019.12.28"]
[Round "4.22"]
[White "Nguyen, Ha Thanh"]
[Black "Klein, Felix"]
[Result "0-1"]
[WhiteElo "1984"]
[BlackElo "2304"]
[Annotator "Ruether,Rudolf"]
[PlyCount "138"]
[EventDate "2019.12.26"]

1. e4 e5 2. Nf3 Nc6 3. Bc4 Nf6 4. d3 Be7 5. c3 O-O 6. O-O d5 7. exd5 Nxd5 8.
Nbd2 Nb6 9. Bb5 f6 10. Nc4 Kh8 11. h3 Be6 12. Nxb6 axb6 13. Qe2 Rxa2 14. Rxa2
Bxa2 15. d4 exd4 16. Bxc6 d3 17. Qe4 bxc6 18. Nd4 Bd5 19. Qxd3 Bxg2 20. Qg3 Bd5
21. Nf5 Rg8 22. Bf4 {(=)} Bc5 23. b4 Bd6 24. Nxd6 cxd6 25. Bxd6 Qe8 26. Bc7 b5
27. Kh2 Qg6 28. Re1 Qxg3+ 29. Kxg3 Ra8 30. Bb6 h6 31. Bd4 Kh7 32. Re7 Kg6 33.
h4 h5 34. Re1 Ra2 35. Kf4 Rd2 36. Ke3 Ra2 37. Kf4 Kf7 38. Be3 {(=)} Ra8 39. Bc5
Be6 40. Rd1 Bd5 41. Re1 Ra3 42. Rc1 Be6 43. Bd4 Ra8 44. Re1 Rd8 45. Ra1 Rd5 46.
Ra7+ Kg6 47. Re7 Bg4 48. Kg3 Rf5 49. Re3 Rd5 50. Re7 Bd7 51. Re3 Kf7 52. Rf3
Be6 53. Re3 Bg4 54. Re4 g5 55. hxg5 Rxg5 56. Rf4 Bf5+ 57. Kh2 Ke6 58. Kh1 Rg8
59. Kh2 Rh8 60. Kg3 Ra8 61. Rh4 Bg6 62. Rf4 Bf5 63. Rh4 Rg8+ 64. Kf4 Rg5 65.
Kf3 Bg4+ 66. Kf4 Rf5+ 67. Kg3 Rf3+ 68. Kg2 Rd3 69. Rh1 Bf3+ 0-1

[Event "29. Erfurter Schachfestival 2019 - Meis"]
[Site "Erfurt"]
[Date "2019.12.28"]
[Round "4.23"]
[White "Dehmel, Jens"]
[Black "Derichs, Roger"]
[Result "0-1"]
[WhiteElo "2045"]
[BlackElo "2311"]
[PlyCount "34"]
[EventDate "2019.12.26"]

1. d4 e6 2. c4 f5 3. g3 Nf6 4. Bg2 d5 5. Nf3 Bd6 6. O-O O-O 7. Nc3 c6 8. Qc2
Qe7 9. Rb1 b6 10. Bf4 Bxf4 11. gxf4 Bb7 12. Rfd1 Nbd7 13. b4 dxc4 14. Ne5 Nd5
15. e3 Nxe5 16. fxe5 Nxb4 17. Qa4 a5 0-1

[Event "29. Erfurter Schachfestival 2019 - Meis"]
[Site "Erfurt"]
[Date "2019.12.28"]
[Round "4.24"]
[White "Hartge, Gedeon"]
[Black "Fichtner, Ewald"]
[Result "1/2-1/2"]
[WhiteElo "2239"]
[BlackElo "2055"]
[Annotator "Ruether,Rudolf"]
[PlyCount "49"]
[EventDate "2019.12.26"]

1. d4 d5 2. c4 c6 3. Nf3 Nf6 4. Nc3 dxc4 5. a4 Bf5 6. Ne5 Nbd7 7. Nxc4 Qc7 8.
g3 e5 9. dxe5 Nxe5 10. Bf4 Nfd7 11. Bg2 Be6 12. Nxe5 Nxe5 13. Qd4 f6 14. O-O
Be7 15. b4 O-O 16. b5 Rfd8 17. Qe4 Rac8 18. Rac1 Ba3 19. Rb1 Bf7 20. bxc6 bxc6
21. Bh3 Bg6 22. Bf5 Bxf5 23. Qxf5 Qe7 24. Rfd1 a5 25. Bxe5 {(=)} 1/2-1/2

[Event "29. Erfurter Schachfestival 2019 - Meis"]
[Site "Erfurt"]
[Date "2019.12.28"]
[Round "4.25"]
[White "Behrens, Harald"]
[Black "Barthel, Ansgar"]
[Result "1-0"]
[WhiteElo "2222"]
[BlackElo "2052"]
[PlyCount "93"]
[EventDate "2019.12.26"]

1. d4 Nf6 2. Nf3 g6 3. Bf4 Bg7 4. e3 O-O 5. h3 d6 6. Be2 c5 7. c3 Be6 8. Nbd2
Qb6 9. Qc2 Nc6 10. dxc5 Qxc5 11. O-O Rfc8 12. e4 Qb6 13. Rfe1 Nd7 14. Nb3 Nc5
15. Nxc5 Qxc5 16. Ng5 Nd4 17. Qd2 Nxe2+ 18. Rxe2 Bc4 19. Ree1 a5 20. Be3 Qc6
21. Nf3 Ba6 22. Bh6 Bh8 23. Qg5 Qc7 24. Qh4 Qd8 25. Rad1 e6 26. Bg5 f6 27. Be3
Qe7 28. Qg3 e5 29. h4 Bc4 30. h5 Kf7 31. Nh4 Rg8 32. hxg6+ hxg6 33. b3 Be6 34.
c4 a4 35. Rd3 Ra6 36. Bd2 axb3 37. axb3 f5 38. Bg5 Bf6 39. Nf3 fxe4 40. Bxf6
Qxf6 41. Ng5+ Ke7 42. Nxe4 Qf5 43. Rf3 Qg4 44. Nf6 Qxg3 45. Nxg8+ Bxg8 46. Rxg3
Bf7 47. f4 1-0

[Event "29. Erfurter Schachfestival 2019 - Meis"]
[Site "Erfurt"]
[Date "2019.12.28"]
[Round "4.26"]
[White "Kolb, Tobias"]
[Black "Easwaralingam, Adesh"]
[Result "1-0"]
[WhiteElo "2185"]
[BlackElo "2045"]
[PlyCount "111"]
[EventDate "2019.12.26"]

1. e4 c5 2. Nc3 a6 3. g3 b5 4. Bg2 Bb7 5. d3 e6 6. f4 d5 7. f5 d4 8. fxe6 fxe6
9. Nce2 e5 10. Nf3 Bd6 11. c3 Nf6 12. cxd4 cxd4 13. O-O Nbd7 14. Bg5 O-O 15. h3
Kh8 16. Nh4 Qb6 17. Kh1 a5 18. Nf5 g6 19. Nxd6 Qxd6 20. Qd2 Qe6 21. b3 b4 22.
Rf3 Ng8 23. Kh2 Rxf3 24. Bxf3 Rf8 25. Kg2 Ndf6 26. Rc1 Rc8 27. Rxc8 Qxc8 28. a3
Qc5 29. axb4 axb4 30. Qc1 Qd6 31. Qc2 h6 32. Bd2 Ba6 33. Nc1 Ne7 34. Bxh6 Nc6
35. Bf8 Qxf8 36. Qxc6 Bc8 37. Na2 Bd7 38. Qc1 Be6 39. Qd2 Kg7 40. Qxb4 Qxb4 41.
Nxb4 Bxb3 42. Nc6 Nd7 43. Bg4 Nc5 44. Nxe5 Bc2 45. Be2 Nxe4 46. dxe4 Bxe4+ 47.
Bf3 Bc2 48. Kf2 Kh6 49. Nc6 d3 50. Ke3 d2 51. Kxd2 Bf5 52. g4 Bb1 53. h4 Kg7
54. Ke3 Kf6 55. Be4 Ba2 56. g5+ 1-0

[Event "29. Erfurter Schachfestival 2019 - Meis"]
[Site "Erfurt"]
[Date "2019.12.28"]
[Round "4.27"]
[White "Mucha, Annegret"]
[Black "Zimmermann, René"]
[Result "0-1"]
[WhiteElo "2041"]
[BlackElo "2184"]
[PlyCount "50"]
[EventDate "2019.12.26"]

1. Nc3 d5 2. e4 e6 3. f4 dxe4 4. Nxe4 Nd7 5. Nf3 Ngf6 6. d3 b6 7. g3 Nxe4 8.
dxe4 Bb7 9. e5 Nxe5 10. Bb5+ c6 11. Qxd8+ Rxd8 12. Nxe5 cxb5 13. Rf1 Bc5 14.
Bd2 Bg2 15. O-O-O Bxf1 16. Rxf1 O-O 17. Nc6 Rd7 18. f5 exf5 19. Rxf5 f6 20. b4
Bg1 21. h4 Rc8 22. Rf1 Bh2 23. Be1 Rxc6 24. Rh1 Re7 25. Bf2 Re2 0-1

[Event "29. Erfurter Schachfestival 2019 - Meis"]
[Site "Erfurt"]
[Date "2019.12.28"]
[Round "4.28"]
[White "Walther, Andi"]
[Black "Haack, Kevin"]
[Result "0-1"]
[WhiteElo "2180"]
[BlackElo "2042"]
[PlyCount "67"]
[EventDate "2019.12.26"]

1. d4 d5 2. c4 e6 3. Nf3 Nf6 4. g3 Be7 5. Bg2 O-O 6. O-O b6 7. Qc2 c6 8. b3 Bb7
9. Rd1 Na6 10. Nc3 Rc8 11. e4 c5 12. exd5 exd5 13. dxc5 Bxc5 14. Ne5 Qe7 15.
Bb2 d4 16. Bxb7 Nb4 17. Qf5 dxc3 18. Bxc3 Qxb7 19. Nd7 Ne4 20. Nxf8 Nxc3 21.
Rd7 Ne2+ 22. Kf1 Nxg3+ 23. hxg3 Qh1+ 24. Ke2 Re8+ 25. Kd2 Qh6+ 26. Kc3 Rxf8 27.
a3 Nc6 28. b4 Bd4+ 29. Rxd4 Nxd4 30. Qd5 Ne6 31. Rh1 Qf6+ 32. Kb3 Qxf2 33. Qd3
h6 34. Ka4 0-1

[Event "29. Erfurter Schachfestival 2019 - Meis"]
[Site "Erfurt"]
[Date "2019.12.28"]
[Round "4.29"]
[White "Schmitt, Michael"]
[Black "Wong, Gengchun"]
[Result "0-1"]
[WhiteElo "2025"]
[BlackElo "2180"]
[PlyCount "78"]
[EventDate "2019.12.26"]

1. d4 Nf6 2. c4 g6 3. Nc3 d5 4. cxd5 Nxd5 5. e4 Nxc3 6. bxc3 Bg7 7. Be3 O-O 8.
Qd2 c5 9. Rb1 Nc6 10. d5 Na5 11. Nf3 b6 12. h3 e6 13. c4 Ba6 14. Rc1 exd5 15.
exd5 Qd7 16. Bd3 Rad8 17. O-O Qa4 18. Qe2 Rfe8 19. Rc2 Nb7 20. Nh2 Nd6 21. Rfc1
Bc8 22. g4 f5 23. Qf3 Rf8 24. Qg3 Qd7 25. Bf4 fxg4 26. hxg4 Nf7 27. Re2 Nh6 28.
f3 Qf7 29. Bd2 Rde8 30. Rce1 Rxe2 31. Rxe2 Qf6 32. Bb1 Qd4+ 33. Kg2 Qxc4 34.
Re7 Qxd5 35. Bxh6 Bxh6 36. Qc7 Qd2+ 37. Kh1 Qc1+ 38. Kg2 Qb2+ 39. Kh3 Bf4 0-1

[Event "29. Erfurter Schachfestival 2019 - Meis"]
[Site "Erfurt"]
[Date "2019.12.28"]
[Round "4.30"]
[White "Hundack, Rolf"]
[Black "Farokhi, Keyvan"]
[Result "1-0"]
[WhiteElo "2163"]
[BlackElo "2023"]
[PlyCount "65"]
[EventDate "2019.12.26"]

1. b3 e5 2. Bb2 Nc6 3. e4 Nf6 4. Nc3 Bc5 5. Be2 O-O 6. Nf3 d5 7. exd5 Nxd5 8.
Nxd5 Qxd5 9. d3 Bb4+ 10. c3 Ba5 11. b4 Nxb4 12. cxb4 Bxb4+ 13. Kf1 Re8 14. Qa4
Bf5 15. Qxb4 Bxd3 16. Bxd3 Qxd3+ 17. Kg1 Rad8 18. h4 e4 19. Ne5 Qd5 20. Re1 f6
21. Ng4 c5 22. Qc3 Qe6 23. Ne3 Qxa2 24. Ra1 Qe6 25. Rxa7 Qb6 26. Ra3 Rd3 27.
Qc4+ Kf8 28. Rxd3 exd3 29. Ba3 Rxe3 30. Bxc5+ Ke8 31. Qg8+ Kd7 32. Qd5+ Ke8 33.
Bxb6 1-0

[Event "29. Erfurter Schachfestival 2019 - Meis"]
[Site "Erfurt"]
[Date "2019.12.28"]
[Round "4.31"]
[White "Petri, Wolfgang"]
[Black "Jedinger, Andreas"]
[Result "1-0"]
[WhiteElo "2023"]
[BlackElo "2117"]
[PlyCount "51"]
[EventDate "2019.12.26"]

1. e4 c5 2. Nf3 Nc6 3. d4 cxd4 4. Nxd4 Nf6 5. Nc3 e5 6. Nf3 Bb4 7. Bc4 d6 8.
O-O h6 9. Nd5 Nxd5 10. Bxd5 O-O 11. c3 Bc5 12. b4 Bb6 13. Nd2 Ne7 14. Bb3 d5
15. Qh5 Bc7 16. Nf3 Qd6 17. Rd1 Be6 18. exd5 Nxd5 19. Bxh6 gxh6 20. Qxh6 Qc6
21. Bc2 f5 22. Ng5 Rfe8 23. Qh7+ Kf8 24. Bxf5 Bg8 25. Qh8 Qf6 26. Nh7+ 1-0

[Event "29. Erfurter Schachfestival 2019 - Meis"]
[Site "Erfurt"]
[Date "2019.12.28"]
[Round "4.32"]
[White "Dehn, Marcus"]
[Black "Arnhold, Steffi"]
[Result "1-0"]
[WhiteElo "2110"]
[BlackElo "2018"]
[PlyCount "81"]
[EventDate "2019.12.26"]

1. d4 Nf6 2. e3 d5 3. Bd3 c5 4. c3 Nc6 5. Nf3 Bg4 6. h3 Bh5 7. Qa4 Qc7 8. Bb5
Nd7 9. Nbd2 e6 10. O-O Be7 11. Ne5 Ndxe5 12. dxe5 O-O 13. f4 f5 14. exf6 Rxf6
15. Nf3 Bd6 16. Bd2 Raf8 17. Be1 Bxf3 18. Rxf3 e5 19. Bh4 R6f7 20. Qd1 d4 21.
Bc4 e4 22. Rg3 d3 23. Qh5 Kh8 24. Bxf7 Qxf7 25. Qg4 c4 26. b3 Be7 27. f5 Bxh4
28. Qxh4 Qxf5 29. Rg4 d2 30. Rf4 Qc8 31. Rxf8+ Qxf8 32. Qxe4 Qd8 33. Rd1 h6 34.
Qc2 cxb3 35. axb3 Qb6 36. Kf2 Qd8 37. Qxd2 Qh4+ 38. Kg1 Qg5 39. Qd3 a6 40. b4
Qg3 41. Rf1 1-0

[Event "29. Erfurter Schachfestival 2019 - Meis"]
[Site "Erfurt"]
[Date "2019.12.28"]
[Round "4.33"]
[White "Stabolewski, Andreas"]
[Black "Krause, Maximilian"]
[Result "1-0"]
[WhiteElo "2092"]
[BlackElo "1992"]
[PlyCount "57"]
[EventDate "2019.12.26"]

1. Nf3 Nf6 2. c4 e6 3. g3 d5 4. Bg2 Be7 5. O-O O-O 6. b3 c5 7. Bb2 Nc6 8. e3 b6
9. Nc3 Bb7 10. cxd5 Nxd5 11. Nxd5 Qxd5 12. d4 Qd8 13. dxc5 Bxc5 14. Ne5 Nxe5
15. Bxb7 Rb8 16. Be4 Qc7 17. Bxh7+ Kxh7 18. Qh5+ Kg8 19. Bxe5 Bd6 20. Rac1 Qe7
21. Bxd6 Qxd6 22. Rfd1 Qa3 23. Rc4 g6 24. Qe5 Rfd8 25. Rxd8+ Rxd8 26. Rh4 Qc1+
27. Kg2 Qc6+ 28. Kh3 Kf8 29. Qf6 1-0

[Event "29. Erfurter Schachfestival 2019 - Meis"]
[Site "Erfurt"]
[Date "2019.12.28"]
[Round "4.34"]
[White "Hansson, Hakan"]
[Black "Schmitt, Günter"]
[Result "1/2-1/2"]
[WhiteElo "1961"]
[BlackElo "2091"]
[PlyCount "20"]
[EventDate "2019.12.26"]

1. d4 Nf6 2. Nf3 g6 3. e3 Bg7 4. Be2 d6 5. O-O Nbd7 6. c4 O-O 7. Nc3 c6 8. Qc2
Qc7 9. b3 Re8 10. Bb2 e5 1/2-1/2

[Event "29. Erfurter Schachfestival 2019 - Meis"]
[Site "Erfurt"]
[Date "2019.12.28"]
[Round "4.35"]
[White "Böhm, Christian"]
[Black "Guenther, Thomas"]
[Result "1-0"]
[WhiteElo "2090"]
[BlackElo "1980"]
[PlyCount "79"]
[EventDate "2019.12.26"]

1. Nf3 Nf6 2. g3 d5 3. Bg2 Bg4 4. c4 c6 5. d4 e6 6. Nbd2 h6 7. O-O Nbd7 8. Re1
Bd6 9. e4 dxe4 10. Nxe4 Nxe4 11. Rxe4 Bf5 12. Re2 O-O 13. b3 Nf6 14. Bb2 Qc7
15. Qe1 Rfd8 16. Rc1 Rac8 17. b4 Qe7 18. a3 b5 19. Ne5 Bxe5 20. Rxe5 Qd7 21.
Qe2 a6 22. a4 Bh7 23. Rc5 bxa4 24. Ra1 Qd6 25. Rxa4 Nd7 26. Rca5 Nb8 27. h4 Qe7
28. Re5 Qf6 29. d5 cxd5 30. Rxd5 Qg6 31. Rxd8+ Rxd8 32. Ra1 Qf5 33. Rd1 Rxd1+
34. Qxd1 Qd3 35. Qe1 Nd7 36. c5 Qc4 37. c6 Nf6 38. Qe5 Qxb4 39. c7 Qc4 40. Qc3
1-0

[Event "29. Erfurter Schachfestival 2019 - Meis"]
[Site "Erfurt"]
[Date "2019.12.28"]
[Round "4.36"]
[White "Greiner, Timo"]
[Black "Huth, Kevin"]
[Result "1-0"]
[WhiteElo "2086"]
[BlackElo "1975"]
[PlyCount "77"]
[EventDate "2019.12.26"]

1. e4 e6 2. d4 d5 3. Nc3 Bb4 4. e5 c5 5. a3 Bxc3+ 6. bxc3 Ne7 7. Qg4 Qc7 8.
Qxg7 Rg8 9. Qxh7 cxd4 10. Ne2 Nbc6 11. f4 dxc3 12. Qd3 d4 13. Nxd4 Nxd4 14.
Qxd4 Bd7 15. Rg1 Nf5 16. Qf2 Qc6 17. Bd3 Qd5 18. Be3 Nxe3 19. Qxe3 Rxg2 20.
Rxg2 Qxg2 21. Be4 Qxh2 22. O-O-O O-O-O 23. Qxc3+ Bc6 24. Bxc6 Rxd1+ 25. Kxd1
Qg1+ 26. Ke2 bxc6 27. Qxc6+ Kd8 28. Qd6+ Ke8 29. Qb8+ Ke7 30. Qb4+ Kd7 31. Kd3
Qd1+ 32. Kc3 Qe1+ 33. Kb2 Qf2 34. Kb3 Qf3+ 35. Ka4 Qf2 36. c3 Ke8 37. Ka5 Qe3
38. Ka6 Qd3+ 39. Qb5+ 1-0